[Event "76th GEO-ch Women 2019"]
[Site "Tbilisi"]
[Date "2019.03.20"]
[Round "2"]
[White "Mikadze, Miranda"]
[Black "Gvetadze, Sofio"]
[Result "1-0"]
[WhiteElo "2266"]
[BlackElo "2321"]
[Annotator "TA"]
[PlyCount "133"]
[EventDate "2019.03.19"]
[EventType "swiss"]
[EventCountry "GEO"]
[SourceTitle "playchess.com"]
[Source "ChessBase"]
[SourceQuality "1"]

{[%evp 16,133,27,0,36,27,36,0,8,0,0,0,43,45,53,39,50,52,55,44,86,76,89,72,114,106,122,123,145,135,127,113,128,123,184,128,141,41,41,41,41,41,41,42,41,41,41,39,40,35,103,97,116,132,261,278,442,341,261,254,261,225,200,147,120,134,142,102,96,91,460,470,939,934,908,877,1049,656,578,1132,29966,29967,29967,29968,29968,29969,29974,29973,29970,29976,29976,29977,29977,29978,29978,29979,29979,29979,29979,29980,29980,29981,29982,29983,29983,29983,29983,29984,29984,29985,29985,29986,29987,29988,29988,29989,29990,29987,29991,29992]} 1. e4 c5 2. c3 Nf6 3. e5 Nd5 4. Bc4 Nb6 5. Bb3 d6 6. exd6 Qxd6 7. Nf3 Nc6 8. O-O c4 9. Bc2 $1 Bg4 {B22: Sicilian: 2 c3} 10. h3 (10. Re1 e6 11. b3 Be7 12. Na3 cxb3 13. axb3 Qd7 14. Nc4 Nxc4 15. bxc4 O-O 16. d4 Rfd8 17. Be4 {½-½ (49) Zhigalko,S (2604)-Carlsen,M (2835) St Petersburg 2018}) 10... Bh5 11. Qe2 Bg6 {The position is equal.} 12. Bxg6 hxg6 13. b3 Qd5 14. Na3 {[%cal Rb3c4]} Qd3 $146 {[%cal Rd3e2]} ({Predecessor:} 14... cxb3 15. axb3 Rh5 16. c4 Nd4 17. Nxd4 Qxd4 {1-0 (36) Fidalgo Fernandez,J (2225)-Ratushny,V (2281) Benidorm 2007}) 15. Re1 $1 Qxe2 16. Rxe2 cxb3 17. axb3 a6 18. Nc4 Nxc4 19. bxc4 e6 20. d4 Be7 21. Bf4 O-O-O 22. c5 Rh5 23. Bg3 Rhd5 24. Rb1 g5 (24... R8d7 $16 25. Ne5 Nxe5) 25. Kf1 (25. Reb2 $18 b5 26. cxb6) 25... R8d7 $16 26. Reb2 (26. Ne5 $16 Nxe5 27. Bxe5) 26... f6 $14 27. c4 Rxd4 $1 28. Nxd4 Nxd4 29. Bd6 $1 $36 {[%mdl 2048] White is more active.} Bd8 30. g3 e5 31. f4 gxf4 32. gxf4 e4 (32... exf4 $14 33. Bxf4 Nc6) 33. Rd2 $16 Nf5 34. Ke2 Ba5 {[#]} (34... g6 $16) 35. Rd5 $1 $18 {[%cal Rd5f5]} g6 (35... Ne7 {was called for.} 36. Rh5 Bd8) 36. Rg1 Nh4 37. Rg4 Rh7 38. c6 Bc7 39. cxb7+ Kxb7 40. Bxc7 Kxc7 {[%mdl 4096] Endgame KRR-KRN} 41. Rg3 Nf5 {[#]} 42. Ra3 $1 {[%cal Ra3a6]} e3 $2 {[%mdl 8192]} (42... Kb6 $16 {is tougher.}) 43. Rxa6 Rxh3 (43... Rh4 $142 44. Rxf6 Rxh3 45. Rxg6 Rh2+ 46. Kd3 Rd2+ 47. Kc3 Rxd5) 44. Rxf5 gxf5 45. Rxf6 {KR-KR} Rh1 46. Kxe3 Rd1 47. Rxf5 Kd6 48. Re5 {White mates.} Re1+ 49. Kd4 Rd1+ 50. Ke4 Rh1 51. Kf5 Rh5+ 52. Kf6 Rh6+ 53. Kg7 Rh4 54. c5+ Kd7 55. f5 Rg4+ 56. Kf7 Rg5 57. Kf6 Rg1 58. Re6 Rh1 59. Kg7 Rg1+ 60. Kf7 Rh1 61. c6+ Kd8 62. f6 Rg1 63. Kf8 Rg2 64. f7 Rg1 65. Re7 Rg2 66. c7+ Kc8 67. Ke8 {Accuracy: White = 79%, Black = 42%.} 1-0

[Event "76th GEO-ch Women 2019"]
[Site "Tbilisi"]
[Date "2019.03.20"]
[Round "2"]
[White "Vakhania, Aleksandra"]
[Black "Khomeriki, Nino"]
[Result "0-1"]
[WhiteElo "2175"]
[BlackElo "2347"]
[Annotator "TA"]
[PlyCount "79"]
[EventDate "2019.03.19"]
[EventType "swiss"]
[EventCountry "GEO"]
[SourceTitle "playchess.com"]
[Source "ChessBase"]
[SourceQuality "1"]

{[%evp 17,79,0,0,0,0,-41,-12,-54,-47,-28,-35,-59,-56,-81,0,0,0,0,17,-37,-27,-64,-42,-84,-66,-64,-60,-132,-159,-174,-171,-162,-112,-256,-247,-259,-240,-213,-172,-188,-153,-283,-293,-405,-404,-419,-402,-844,-806,-835,-835,-814,-852,-818,-789,-1113,-1093,-1558,-1488,-2174,-2172,-2790,-2239,-3490]} 1. Nf3 d5 2. g3 Bg4 3. Bg2 c6 4. d4 Nf6 5. Ne5 Bf5 6. O-O Nbd7 7. c4 e6 8. Nc3 Be7 9. Nxd7 {D11: Slav Defence: 3 Nf3 sidelines and 3...Nf6 4 e3 Bg4} (9. h3 Nxe5 10. dxe5 Nd7 11. cxd5 exd5 12. g4 Be6 13. f4 Bc5+ 14. e3 h5 15. f5 Nxe5 16. fxe6 hxg4 17. exf7+ {0-1 (39) Zablotsky,S (2511)-Al Sayed,M (2484) St Petersburg 2018}) 9... Qxd7 {LiveBook: 4 Games} 10. f3 Rd8 11. Be3 {The position is equal.} O-O $146 ({Predecessor:} 11... dxc4 12. Bf2 Nd5 13. e4 Nxc3 14. bxc3 {1-0 (37) Medybaev,D (2188)-Gankin,S (2338) Tomsk 2007}) 12. Bf2 dxc4 13. e4 Bg6 14. Qe2 b5 15. b3 Bb4 ({Black should play} 15... b4 $17 16. Na4 c3) 16. Rfc1 cxb3 17. axb3 a5 18. g4 ({White should try} 18. Nd1 $11) 18... Rfe8 19. Be3 h6 20. Qf2 Qb7 21. Ne2 e5 22. Rd1 (22. dxe5 $15 Rxe5 23. Rd1 Rxd1+ 24. Rxd1) 22... Nd7 $17 23. h4 exd4 24. Bxd4 c5 {[%cal Bc6c5,Bc5c4][%mdl 32]} 25. Bb2 {[#]} (25. Be3 $17 {might work better.}) 25... c4 $1 $19 26. h5 Bh7 ({Inferior is} 26... Bc5 27. Bd4 $15) 27. bxc4 bxc4 28. Bd4 Rc8 29. Nc3 {[#]} (29. Nf4 $17 {was called for.}) 29... Nc5 $1 30. Kh1 Nb3 31. Rab1 Red8 32. Nd5 (32. Bf1 $142) 32... Rxd5 {Black is clearly winning.} 33. exd5 Bxb1 34. Rxb1 Qxd5 35. Be3 c3 {[%cal Bc4c3,Bc3c2][%mdl 32]} 36. f4 Qd3 37. Rf1 c2 38. f5 Bd2 39. Bxd2 Qxd2 40. Qb6 {Precision: White = 15%, Black = 76%.} 0-1

[Event "76th GEO-ch Women 2019"]
[Site "Tbilisi"]
[Date "2019.03.20"]
[Round "2"]
[White "Esadze, Tamari"]
[Black "Khurtsilava, Inga"]
[Result "0-1"]
[WhiteElo "2078"]
[BlackElo "2234"]
[Annotator "TA"]
[PlyCount "114"]
[EventDate "2019.03.19"]
[EventType "swiss"]
[EventCountry "GEO"]
[SourceTitle "playchess.com"]
[Source "ChessBase"]
[SourceQuality "1"]

{[%evp 21,114,-10,-12,-13,-10,-7,-6,-6,-7,-8,-8,-18,8,0,0,-13,26,20,22,0,0,0,16,0,0,-4,0,-11,-12,-16,0,-15,-12,-33,-9,-65,0,-26,-6,-22,0,-31,0,-59,-52,-88,-94,-81,-81,-187,-181,-182,-187,-237,-187,-192,-191,-192,-168,-178,-184,-172,-168,-253,-224,-216,-235,-277,-277,-520,-499,-652,-585,-528,-495,-519,-504,-586,-585,-588,-565,-545,0,-531,-512,-510,-466,-581,-532,-1213,-1212,-1592,-1511,-1879,-1642]} 1. e4 c5 2. Nf3 Nc6 3. d4 cxd4 4. Nxd4 g6 5. Nc3 Bg7 6. Be3 Nf6 7. f3 O-O 8. Bc4 Qb6 9. Bb3 Nxe4 10. Nd5 Qa5+ 11. c3 Nc5 {White must now prevent ...Bxd4.} 12. Nxc6 {B35: Sicilian: Accelerated Dragon with 5 Nc3: main line} bxc6 (12... dxc6 13. Nxe7+ Kh8 14. Nxc8 Rfxc8 15. O-O Re8 16. Bf2 Rad8 17. Qc2 Qb5 18. Rfe1 Kg8 19. Rad1 Rxe1+ 20. Rxe1 {½-½ (32) Ivanov,V (2388)-Van Tricht,M (2384) ICCF email 2015}) 13. Nxe7+ Kh8 14. Nxc8 {The position is equal.} Raxc8 15. O-O d5 16. Re1 $146 ({Predecessor:} 16. Bc2 Ne6 17. b4 Qa3 18. Bd2 Bxc3 19. Bxc3+ Qxc3 {0-1 (40) Wagner,S (1623)-Rempel,Y (1987) Braunfels 2015}) 16... Ne6 17. Qc2 Rfe8 18. Qf2 Qc7 19. g3 Re7 20. Rad1 Rce8 21. Kg2 f5 22. f4 h5 23. h4 Bf6 24. Kf1 Kg7 25. Kg2 Qb7 26. Kh2 a5 27. Ba4 Qa6 28. Bc2 (28. Kh3 $11) 28... Qb7 29. Ba4 Kh7 30. Kh3 Kg7 31. Kh2 Qa6 32. Bc2 Nc5 33. Kh3 Ne4 $36 {[%mdl 2048] Black has strong initiative.} 34. Bxe4 Rxe4 35. Bc1 (35. Bd4 $17) 35... a4 36. Rxe4 Rxe4 ({But not} 36... fxe4 37. a3 $15) 37. a3 Qe2 38. Qxe2 Rxe2 $19 {[%mdl 4096] Endgame KRB-KRB} 39. Rd2 Re1 40. Rc2 c5 41. Kg2 Kf7 42. Bd2 (42. Kf3 {was called for.}) 42... Re2+ 43. Kf1 {[#]} Re4 $1 44. Bc1 Ke6 45. Re2 $2 (45. Bd2) 45... d4 46. cxd4 Bxd4 47. Rc2 {intending Rc4.} Kd5 48. Bd2 Re6 49. Bc1 Rb6 50. Kg2 Rb3 51. Re2 Rb6 52. Rc2 $1 Ke4 {Black is clearly winning.} 53. Re2+ Kd3 54. Rd2+ {[#]} Kc4 $1 55. Kf3 Re6 56. Rd1 Kb3 57. Rd2 Re1 {Accuracy: White = 31%, Black = 65%.} 0-1

[Event "76th GEO-ch Women 2019"]
[Site "Tbilisi"]
[Date "2019.03.21"]
[Round "3.1"]
[White "Tsereteli, Tamar"]
[Black "Melia, Salome"]
[Result "1/2-1/2"]
[WhiteElo "2315"]
[BlackElo "2385"]
[Annotator "TA"]
[PlyCount "64"]
[EventDate "2019.03.19"]
[EventType "swiss"]
[EventCountry "GEO"]
[SourceTitle "playchess.com"]
[Source "ChessBase"]
[SourceQuality "1"]

{[%evp 9,64,-13,-4,-7,0,0,0,-33,-32,-29,22,22,22,19,25,24,27,8,11,17,28,0,0,0,0,0,0,2,26,26,32,43,47,30,21,33,50,0,0,0,0,0,0,0,0,0,0,-2,0,0,0,0,0,0,0,0,0]} 1. Nf3 g6 2. g3 Bg7 3. Bg2 e5 4. e4 Nc6 5. Nc3 (5. O-O Nge7 6. c3 O-O 7. b4 d6 8. d3 f5 9. b5 Nb8 10. Nbd2 f4 11. Qb3+ Kh8 12. Ng5 Qe8 13. Ndf3 Ng8 14. gxf4 exf4 {0-1 (47) Zvjaginsev,V (2643)-Vavulin,M (2575) Moscow 2017}) 5... Nge7 {LiveBook: 4 Games} 6. d3 {A04: Unusual lines after 1 Nf3 and King's Indian Attack} O-O 7. h4 h5 $146 ({Predecessor:} 7... d5 8. h5 Bg4 9. Nxd5 Nxd5 10. exd5 Qxd5 11. h6 Bf6 12. O-O e4 13. dxe4 Qh5 {0-1 (13) Egreteau,E (2010)-Fruteau,S (2142) Avoine 2010}) 8. Nd5 Nxd5 9. exd5 Nd4 (9... Ne7 $142 $1) 10. Nxd4 $11 exd4 11. O-O d6 12. Bg5 f6 13. Bf4 g5 14. Bd2 Bg4 15. Bf3 Qd7 $1 16. Bxg4 hxg4 17. hxg5 fxg5 18. Bxg5 Rf3 19. Qd2 Qf5 20. Rae1 Rf8 21. Bh4 Qxd5 22. Re4 Qf5 23. Rf4 Rxf4 {The position is equal.} 24. Qxf4 Qxf4 25. gxf4 Rxf4 {[%mdl 4096] Endgame KRB-KRB} 26. Re1 Be5 27. Bg3 Rf5 28. Re4 Rg5 29. Kg2 Kf7 30. Bf4 Rh5 31. Kg3 Bf6 32. Kxg4 Rh1 {Accuracy: White = 72%, Black = 66%.} 1/2-1/2

[Event "76th GEO-ch Women 2019"]
[Site "Tbilisi"]
[Date "2019.03.21"]
[Round "3.2"]
[White "Gvetadze, Sofio"]
[Black "Khukhashvili, Sopiko"]
[Result "1-0"]
[WhiteElo "2321"]
[BlackElo "2342"]
[Annotator "TA"]
[PlyCount "141"]
[EventDate "2019.03.19"]
[EventType "swiss"]
[EventCountry "GEO"]
[SourceTitle "playchess.com"]
[Source "ChessBase"]
[SourceQuality "1"]

{[%evp 26,141,14,7,41,44,43,50,54,57,68,37,42,27,32,39,79,70,71,76,128,61,61,0,35,31,70,69,68,64,83,69,79,62,96,82,66,56,65,29,45,45,48,29,189,189,191,194,189,169,131,127,318,42,22,19,45,35,123,36,43,4,568,451,529,400,337,390,461,412,567,550,571,554,810,810,1132,1151,1128,1126,1019,1061,858,1018,1732,1831,1800,1829,1752,1694,1531,1499,5610,6289,29978,29979,29976,12702,29986,29987,29989,29986,29988,29989,29990,29991,29991,29992,29993,29993,29995,29993,29993,29993,29994,29993,29995,29995]} 1. e4 e6 2. d4 d5 3. Nd2 Nf6 4. e5 Nfd7 5. Bd3 c5 6. c3 Nc6 7. Ne2 cxd4 8. cxd4 f6 9. exf6 Nxf6 10. Nf3 Bd6 11. O-O O-O 12. Bg5 Bd7 {[%cal Bc8d7,Bd7e8,Be8h5,Bh5g4,Bg4f5][%mdl 32]} 13. a3 Qc7 {C06: French Tarrasch: 3...Nf6 4 e5 Nfd7 5 Bd3 main lines} (13... Be8 14. Ng3 h6 15. Be3 Ng4 16. Qe2 e5 17. dxe5 Ncxe5 18. Nxe5 Nxe5 19. Bc2 Qh4 20. Rad1 Qc4 21. Qxc4 Nxc4 {1-0 (41) Sokolov,A (2583)-Apicella,M (2532) Val d'Isere 2004 CBM 103 [Atlas,V]}) 14. Ng3 {LiveBook: 3 Games} Be8 15. Re1 h6 {White is slightly better.} 16. Bd2 Bxg3 $146 ({Predecessor:} 16... Bf7 17. Bc3 Nh5 18. Rc1 Nxg3 19. hxg3 Bh5 20. Re3 Rae8 21. Bb1 {½-½ (83) Janev,E (2476)-Di Paolo,R (2341) Grenoble 2007}) 17. hxg3 Bh5 18. Bf4 Qf7 19. Bc2 Rad8 20. Qd2 Bg4 21. Ne5 Nxe5 22. Bxe5 Nd7 (22... Bf5 $142) 23. Re3 (23. Bd6 $16) 23... Rc8 $14 24. Rae1 (24. Bd6 $14) 24... Bf5 (24... Nxe5 {is more complex.} 25. Rxe5 Qxf2+ 26. Qxf2 Rxf2 27. Bd1 Rcc2) 25. Bd1 Nb6 26. b3 Rc6 27. g4 Be4 28. f3 (28. Bg3 {is interesting.} Rfc8 29. Qb4 a6 30. a4 Re8 31. Rc3) 28... Bg6 29. Bg3 Qf6 30. Rc3 Rfc8 31. Ree3 Qe7 32. a4 {[%cal Ba3a4,Ba4a5][%mdl 32]} Qa3 33. Rxc6 Rxc6 34. Rc3 Qa1 $2 (34... Qb4 $11 35. Be1 Rxc3) 35. Rxc6 $18 bxc6 36. Kh2 Qb1 37. a5 Nd7 38. Qe3 e5 $2 (38... Qxd1 $16 {was called for.} 39. Qxe6+ Kh7) 39. Be2 $2 ({Only move:} 39. dxe5 $18 c5 40. e6) 39... e4 $14 40. f4 {[%cal Bf3f4,Bf4f5][%mdl 32]} Qa1 41. f5 $36 {[%mdl 2048] White is pushing.} Bf7 (41... Be8 $14) 42. b4 (42. g5 $1 $16) 42... Be8 43. g5 {[%cal Bg4g5,Bg5g6][%mdl 32]} Kh7 $2 {[%mdl 8192]} (43... hxg5 $11 {and Black is okay.} 44. Qxg5 Qb2) 44. g6+ Kg8 45. Bh4 Qb2 46. Be7 Qa1 47. Bg4 Ne5 {[#]} 48. Bh3 $1 Qb2 {intending ...Nf3+.} 49. Bc5 Nd3 50. f6 Bxg6 51. Qg3 Qf2 52. Qxg6 {[%csl Gf6][%cal Rg6g7]} Qf4+ 53. Qg3 {Intending Be6+ and mate.} Qxf6 54. Bxa7 Nxb4 55. Qb8+ Kh7 56. Qxb4 Qf4+ 57. g3 Qf2+ 58. Bg2 e3 {[#]} 59. Qb1+ $1 Kh8 60. Bc5 e2 61. Bb4 Qxd4 62. Be1 {White mates.} Qd1 63. Qb4 c5 64. Qd2 d4 65. a6 Qa4 66. Qxe2 c4 67. Qe6 c3 68. Qc8+ Kh7 69. Be4+ g6 70. Qb7+ Kg8 71. a7 {Precision: White = 51%, Black = 32%.} 1-0

[Event "76th GEO-ch Women 2019"]
[Site "Tbilisi"]
[Date "2019.03.21"]
[Round "3.3"]
[White "Purtseladze, Maka"]
[Black "Mikadze, Miranda"]
[Result "0-1"]
[WhiteElo "2282"]
[BlackElo "2266"]
[Annotator "TA"]
[PlyCount "66"]
[EventDate "2019.03.19"]
[EventType "swiss"]
[EventCountry "GEO"]
[SourceTitle "playchess.com"]
[Source "ChessBase"]
[SourceQuality "1"]

{[%evp 9,66,33,33,27,27,3,16,-29,-30,-22,-29,-19,-18,-14,0,0,0,0,0,-20,-22,-13,0,-6,4,-18,0,-68,0,-15,0,0,0,0,0,-14,-5,-8,-8,-8,-8,-15,0,0,0,0,-7,-112,-112,-106,-95,-96,-77,-279,-303,-345,-337,-29992,-29993]} 1. d4 d5 2. c4 c6 3. Nf3 Nf6 4. e3 a6 5. Bd3 Bg4 6. Nbd2 {D11: Slav Defence: 3 Nf3 sidelines and 3...Nf6 4 e3 Bg4} e6 7. Qc2 (7. O-O {looks sharper.} Nbd7 8. e4 dxe4 9. Nxe4 Nxe4 10. Bxe4 Nf6 11. h3) (7. O-O Nbd7 8. b3 c5 9. cxd5 Nxd5 10. Bb2 Be7 11. Ne4 cxd4 12. Bxd4 O-O 13. Ng3 Bf6 {1-0 (53) Dreev,A (2670)-Erenburg,S (2589) chess.com INT 2019}) 7... dxc4 8. Nxc4 {The position is equal.} Bxf3 $1 9. gxf3 c5 10. dxc5 Bxc5 11. a3 Nc6 12. b4 Be7 13. Bb2 Rc8 {[#] next ...b5 is good for Black.} 14. Qb3 $146 O-O 15. Rd1 {Hoping for Bxh7+!} Qc7 16. f4 Nd5 17. Rg1 g6 $1 18. Ne5 (18. Nd2 $11) 18... Nxe5 (18... Bf6 $15 19. Ng4 Bxb2 20. Qxb2 f6) 19. Bxe5 $11 Bd6 20. Bxd6 Qxd6 21. Bc4 Rfd8 22. Rg5 {[%cal Rc4d5]} (22. Ke2 {is interesting.} Qc6 23. Bxd5 exd5 24. Rg5 f5 25. Rd3) 22... f5 23. Bxd5 exd5 24. h4 Rc4 25. h5 b5 26. hxg6 hxg6 27. Ke2 Kf7 28. Rd3 {[#]} (28. Rdg1 $11) 28... Qe6 $1 $17 29. Qd1 Rxf4 30. Qh1 {Black must now prevent Qh7+.} Kg7 {And now ...d4 would win.} 31. Qa1+ $2 (31. Rg3 $17 {was necessary.}) 31... d4 $1 $19 32. Rg1 Qe4 {( -> ...Qf3+)} 33. Qc1 $2 {[#]} (33. Rf1 $19 Qf3+ 34. Ke1) 33... Qf3+ {[%mdl 64] Double Attack. Accuracy: White = 33%, Black = 72%.} 0-1

[Event "76th GEO-ch Women 2019"]
[Site "Tbilisi"]
[Date "2019.03.21"]
[Round "3.4"]
[White "Khomeriki, Nino"]
[Black "Arabidze, Meri"]
[Result "1/2-1/2"]
[WhiteElo "2347"]
[BlackElo "2392"]
[Annotator "TA"]
[PlyCount "27"]
[EventDate "2019.03.19"]
[EventType "swiss"]
[EventCountry "GEO"]
[SourceTitle "playchess.com"]
[Source "ChessBase"]
[SourceQuality "1"]

{[%evp 23,27,0,25,0,0,0]} 1. d4 d5 2. c4 e6 3. Nc3 Nf6 4. Nf3 Nbd7 5. cxd5 exd5 6. Bg5 c6 7. e3 Be7 8. Bd3 h6 9. Bf4 Nh5 {D35: Queen's Gambit Declined: Exchange Variation} 10. Be5 Nhf6 $146 ({Predecessor:} 10... Nxe5 11. Nxe5 Nf6 12. O-O O-O 13. Qc2 Ng4 14. Nf3 Nf6 15. Ne5 Ng4 {½-½ (15) Roiz,M (2605)-Miton,K (2588) St Petersburg 2018}) 11. Bg3 Nh5 12. Be5 Nhf6 {LiveBook: 4 Games} 13. Bg3 Nh5 14. Be5 1/2-1/2

[Event "76th GEO-ch Women 2019"]
[Site "Tbilisi"]
[Date "2019.03.21"]
[Round "3.5"]
[White "Khurtsilava, Inga"]
[Black "Vakhania, Aleksandra"]
[Result "1/2-1/2"]
[WhiteElo "2234"]
[BlackElo "2175"]
[Annotator "TA"]
[PlyCount "149"]
[EventDate "2019.03.19"]
[EventType "swiss"]
[EventCountry "GEO"]
[SourceTitle "playchess.com"]
[Source "ChessBase"]
[SourceQuality "1"]

{[%evp 13,149,15,29,30,44,24,43,-4,7,-18,-9,-15,-14,-15,-16,-56,-43,-45,-31,-34,-28,-43,-26,-43,-29,-37,-36,-372,-368,-332,-293,-258,0,-327,-183,-193,-195,-195,-188,-188,-193,-193,-188,-193,-172,-181,-183,-180,-100,-103,-110,-95,-104,-100,-88,-91,-96,-118,-123,-122,-87,-77,-70,-104,-89,-175,-157,-173,-164,-285,-262,-239,-256,-318,-312,-411,-378,-385,-308,-372,-356,-257,-194,-194,-181,-164,-18,-16,-16,-28,0,0,0,0,0,0,0,0,0,0,0,0,0,0,0,0,23,0,23,23,23,8,25,0,18,0,8,8,8,8,8,8,8,8,8,8,8,8,8,8,8,8,8,8,8,8,8,8]} 1. d4 d5 2. Nf3 Nf6 3. c4 c6 4. Qc2 g6 5. Bf4 Bg7 6. e3 O-O 7. Nc3 Na6 8. a3 {D93: Grünfeld: 4 Nf3 Bg7 5 Bf4 0-0 6 e3} (8. Be2 Bf5 9. Qb3 Qb6 10. Qxb6 axb6 11. cxd5 Nxd5 12. Nxd5 cxd5 13. Kd2 Rfc8 14. Rhc1 Nc5 15. Ke1 Na4 16. b3 {0-1 (60) Postny,E (2569)-Saric,I (2662) Mali Losinj 2017}) 8... Qa5 9. Rc1 c5 $146 ({Predecessor:} 9... Ne4 10. Bd3 Nxc3 11. Qxc3 Qxc3+ 12. bxc3 Rd8 13. O-O dxc4 14. Bxc4 {1-0 (39) Straub,N (2373)-Niessen,H (2133) Naumburg 2003}) 10. Nd2 {White is slightly better.} Bf5 11. Qb3 cxd4 12. exd4 {[%cal Rc4d5]} Nh5 13. Be3 e5 14. dxe5 d4 $1 {[%cal Rd4e3]} 15. Bxd4 Bxe5 16. Qb5 Qxb5 17. Nxb5 Rfe8 $1 $36 {[%mdl 2048] Black has good play.} 18. Kd1 $1 Rad8 19. Bxe5 Rxe5 20. f3 $2 {[%mdl 8192]} (20. b4 $1 $15) 20... Nc5 $1 $19 {[%cal Rc5b3]} 21. Rc3 Na4 22. Rb3 {White hopes to continue with g4.} Nc5 23. Rc3 {intending g4.} Rde8 (23... Nf6 $142 24. g3 a6) 24. Ne4 Nxe4 25. fxe4 Rxe4 26. Bd3 Rd8 $1 27. Kc1 {[#]} Nf4 $1 {[%cal Rf4d3]} 28. Bxe4 Ne2+ {[%mdl 64] Double Attack} 29. Kc2 Bxe4+ 30. Kb3 Bxg2 (30... Nxc3 $19 31. Kxc3 Rd3+ 32. Kb4 a6) 31. Re1 $17 Nxc3 32. Kxc3 {[%mdl 4096] Endgame KRB-KRN} a6 33. Nd4 Rc8 34. a4 Kf8 35. a5 Re8 36. Rg1 Be4 37. b4 f5 38. h4 Ke7 39. b5 {[#]} (39. Nb3 $17) 39... axb5 $1 $19 40. Nxb5 Rd8 41. c5 (41. Kb4 $142) 41... Rd3+ 42. Kc4 Rh3 43. Nd6 Bc6 ({Weaker is} 43... Rxh4 44. Nxe4 Kd7 45. Kd5 $17) 44. Rb1 Rxh4+ 45. Kc3 Rh1 46. Rb2 Ra1 47. Nxb7 Kd7 48. Rd2+ Kc7 49. Nd8 Rxa5 (49... Bd7 $19 50. c6 Bc8) 50. Ne6+ $11 Kb7 {next ...Ra1 is good for Black.} 51. Rd6 Be4 52. Rd7+ Kc6 53. Rd6+ Kb7 54. Rd7+ Kb8 55. Rd8+ Ka7 56. Rd7+ Ka6 57. Rd6+ Ka7 58. Rd7+ Ka6 59. Rd6+ Kb5 60. Rb6+ Ka4 61. c6 {White wants to mate with c7.} Bd5 62. Nf4 Be4 {Threatens to win with ...Rc5+.} 63. Ne6 {White threatens c7 and mate.} Bd5 {The position is equal.} 64. Nf4 Rc5+ 65. Kd4 {[%mdl 64] Double Attack} Rxc6 66. Nxd5 Rxb6 67. Nxb6+ {KN-K3P} Kb5 68. Nd5 {Threatening Nc7+.} h5 69. Nf4 h4 70. Nh3 {Strongly threatening Ke5.} Kb4 71. Ng5 {And now Nh3 would win.} Kb3 72. Kd3 Kb2 73. Kd2 Kb1 74. Kd1 {aiming for Kd2.} f4 75. Ke2 {Accuracy: White = 58%, Black = 64%.} 1/2-1/2

[Event "76th GEO-ch Women 2019"]
[Site "Tbilisi"]
[Date "2019.03.21"]
[Round "3.6"]
[White "Tsatsalashvili, Keti"]
[Black "Esadze, Tamari"]
[Result "1/2-1/2"]
[WhiteElo "2326"]
[BlackElo "2078"]
[Annotator "TA"]
[PlyCount "131"]
[EventDate "2019.03.19"]
[EventType "swiss"]
[EventCountry "GEO"]
[SourceTitle "playchess.com"]
[Source "ChessBase"]
[SourceQuality "1"]

{[%evp 20,131,28,21,37,33,66,50,102,85,98,90,87,96,154,102,102,102,102,102,102,88,102,95,99,86,126,124,121,124,113,125,118,112,129,126,164,107,104,107,108,30,32,19,38,6,6,6,6,6,8,0,14,0,16,6,0,0,8,0,8,8,8,9,12,10,10,8,13,8,10,0,0,0,0,0,0,0,0,0,0,0,0,0,0,0,0,0,0,0,0,0,0,0,0,0,0,0,0,0,0,0,0,0,0,0,0,0,0,0,0,0,0,0]} 1. d4 Nf6 2. c4 e6 3. Nf3 b6 4. g3 Bb7 5. Bg2 Bb4+ 6. Bd2 Bxd2+ 7. Qxd2 O-O 8. Nc3 d5 9. cxd5 exd5 10. O-O Nbd7 {E16: Queen's Indian: 4 g3 Bb7 5 Bg2 Bb4+} 11. Rac1 {LiveBook: 9 Games} c5 (11... Re8 12. Rfd1 c6 13. Qc2 Qe7 14. Nd2 Nf8 15. e4 dxe4 16. Ndxe4 Ne6 17. Qa4 Nxe4 18. Bxe4 {0-1 (38) Markus,R (2662)-Cori Tello,J (2609) Baku 2016}) 12. Rfd1 Qe7 {White is slightly better.} 13. Nh4 Ne4 (13... g6 $14) 14. Nxe4 dxe4 {[#]} 15. Nf5 $146 ({Predecessor:} 15. Qf4 Rab8 16. Nf5 Qf6 17. Bxe4 Bxe4 18. Qxe4 Rfe8 19. Qf3 g6 20. dxc5 Nxc5 {1-0 (49) Blagojevic,D (2536)-Bujisic,V (2269) Bijelo Polje 2004}) 15... Qf6 16. Qf4 g5 {[#]} (16... Rad8 $142) 17. Qc7 (17. Qg4 $142 $1) 17... Qxf5 $16 18. Qxb7 Rfe8 19. dxc5 Nxc5 20. Qd5 Qxd5 21. Rxd5 h6 22. b4 $36 {[%mdl 2048] Keeping Black busy.} Na6 23. a3 Re7 24. Rd6 Kg7 25. e3 Rae8 26. g4 Nb8 27. Bf1 Re6 28. Rdd1 (28. Rxe6 $18 Rxe6 29. Rc7) 28... R8e7 29. Bb5 a6 30. Bf1 ({White should try} 30. Bc4 $16) 30... b5 $11 31. Bg2 Nd7 32. Rc7 Nf6 {The position is equal.} 33. Rxe7 Rxe7 {[%mdl 4096] Endgame KRB-KRN} 34. h3 Re6 35. Rd8 Ne8 36. Ra8 Kf6 37. Ra7 Kg7 38. Kf1 Nf6 39. Ra8 Nd5 40. Rc8 Nb6 41. Rc7 Kf8 42. Ke1 Nc4 43. a4 Nb2 44. axb5 {[#] And now Bxe4 would win.} Nd3+ 45. Ke2 {Black must now prevent Bxe4!} axb5 46. Bxe4 Rxe4 47. Kxd3 Rxb4 {KR-KR} 48. Rc5 Kg7 49. Kc2 Kg6 50. f3 Kg7 51. Rc3 Ra4 52. Rb3 Ra1 53. Kd3 Rh1 54. Rxb5 Rxh3 55. Ke4 Kg6 56. Rb6+ Kg7 57. Rc6 Rg3 58. Rd6 Rh3 59. Rd2 Kg6 60. Rg2 Rh1 61. f4 gxf4 62. exf4 Re1+ 63. Kf3 Rf1+ 64. Ke4 Re1+ 65. Kf3 Rf1+ 66. Ke4 {Precision: White = 65%, Black = 69%.} 1/2-1/2